| 000 | 00748cab a2200241 4500 | ||
|---|---|---|---|
| 001 | WB2438-40 | ||
| 008 | 090401t1988 xxu||||| |||| 00| 0 eng d | ||
| 035 | _a(Sirsi) u31503 | ||
| 041 | _aeng | ||
| 245 | _aProposals for London Docklands | ||
| 260 | _c1988 | ||
| 350 | _a0 | ||
| 490 |
_aEstates Times _vno 961, 9/9/88 p10 |
||
| 520 | _aHighlights recommendations in a report from Canary Wharf developers Olympia and York , to relieve transport and infrastructure problems in London Docklands . | ||
| 650 | _aDOCKLANDS LIGHT RAILWAY | ||
| 650 | _aGREENWICH PENINSULA | ||
| 650 | _aISLE OF DOGS | ||
| 650 | _aSURREY DOCKS | ||
| 650 | _aWATERLOO STATION | ||
| 690 | _aTRANSPORT AND COMMUNICATIONS | ||
| 942 | _n0 | ||
| 948 | _c04/03/1997 | ||
| 999 |
_c21152 _d21152 |
||